00304nam a2200121Ia 4500100000900000942000700009245002800016260000900044082001000053546001200063999001700075952009000092 a#N/A cBK aann baker Tree or Three b#N/A b21636 aENGLISH c28608d28608 001040708CDaCRCEbCRCEd2023-03-17l0o 21636pCD2363r2023-03-17w2023-03-17yBK